Po stopách Dr. Téryho

Bibliographic Details
Main Author: Bohuš, Ivan, 1957- (Author)
Format: Article
Language:Slovak
PhysicalDescription:Fotogr.
Subjects:

MARC

LEADER 00000nab a2200000 a 4500
001 vtls010518186
003 SK-MaSNL
005 20260303203859.0
008 130610 2013 xo e 000 0 slo
038 |a PPPK 
040 |a PPPKCL  |b slo  |c PPPK  |e AACR2 
041 0 |a slo 
044 |a xo  |c SK 
080 |a 929-027.541  |x (437.6-17)  |2 2001 
080 |a 929 Téry, Edmund Viliam  |2 2001 
100 1 |a Bohuš, Ivan,  |d 1957-  |4 aut  |9 80008 
245 1 0 |a Po stopách Dr. Téryho  |c Ivan Bohuš ml. 
300 |b Fotogr. 
600 1 7 |a Téry, Edmund Viliam,  |d 1856-1917  |2 snkbucl  |9 174459 
650 0 7 |a osobnosti  |2 pppkcl  |9 29820 
651 7 |a Vysoké Tatry (Poľsko a Slovensko : pohorie)  |2 pppkcl  |9 67729 
773 0 |t Tatranský dvojtýždenník  |g Roč. XXIV, č. 9 (2013), s. 9-10 
852 |a PPPK  |b KIS3GCP 
999 |c 2187513  |d 2189443